| 000 | 00666nam a2200241 i 4500 | ||
|---|---|---|---|
| 001 | 75459 | ||
| 003 | ES-MaACL | ||
| 005 | 20250911062645.0 | ||
| 007 | t| | ||
| 008 | 040924s1954 sp ||||1| spa d | ||
| 080 | _a821.134.2-31"19" | ||
| 100 | 1 |
_aGoytisolo, Juan. _959422 |
|
| 245 | 1 | 0 |
_aJuegos de manos / _cJuan Goytisolo. |
| 250 | _a1ª ed. | ||
| 260 |
_aBarcelona : _bDestino, _c1954. |
||
| 300 |
_a273 p. ; _c19 cm. |
||
| 490 | 1 |
_aAncora y delfín ; _v104 |
|
| 500 | _aBiblioteca Juan Andrade. | ||
| 830 | 0 | 0 |
_aÁncora y Delfín _v104 _9151298 |
| 852 |
_aES-MaACL _jC-9301 _bR.37814 |
||
| 852 |
_aES-MaACL _jAND-688 _bR.109984 |
||
| 999 |
_c75459 _d75459 |
||